National syllabuses: A taxonomy and this relevance to foreign language curriculum development (Record no. 1380018)

MARC details
000 -LEADER
fixed length control field 00580nam a2200193Ia 4500
005 - DATE AND TIME OF LATEST TRANSACTION
control field 20250508163009.0
008 - FIXED-LENGTH DATA ELEMENTS--GENERAL INFORMATION
fixed length control field 008 250505s9999 xx 000 0 eng d
020 ## - INTERNATIONAL STANDARD BOOK NUMBER
International Standard Book Number 0-19-437071-2
037 ## - SOURCE OF ACQUISITION
Stock number Textual
040 ## - CATALOGING SOURCE
Original cataloging agency FEDL
Language of cataloging eng
Transcribing agency FEDL
041 ## - LANGUAGE CODE
Language code of text/sound track or separate title eng
Source of code eng
084 ## - COLON CLASSIFICATION NUMBER
Classification number 428, WIL
Assigning agency FEDL
100 ## - MAIN ENTRY--PERSONAL NAME
Personal name Wilkins D A
9 (RLIN) 68561
245 #0 - TITLE STATEMENT
Title National syllabuses: A taxonomy and this relevance to foreign language curriculum development
260 ## - PUBLICATION, DISTRIBUTION, ETC.
Place of publication, distribution, etc. Oxford
Name of publisher, distributor, etc. Oxford University Press
Date of publication, distribution, etc. 1976
300 ## - PHYSICAL DESCRIPTION
Extent 91p.
942 ## - ADDED ENTRY ELEMENTS (KOHA)
Koha item type Textual
Classification part 428, WIL
Holdings
Withdrawn status Lost status Damaged status Not for loan Home library Current library Date acquired Total Checkouts Full call number Barcode Date last seen Price effective from Koha item type
        Department of Education Library Department of Education Library 2025-05-08   428, WIL EL0073070 2025-05-08 2025-05-08 Textual
Copyright @ Delhi University Library System